[Event "Chelyabinsk Variation - 10.3"]
[Site "Cap d'Agde FRA"]
[Date "2003.10.30"]
[Round "10.3"]
[White "Anand, Viswanathan"]
[Black "Kramnik, Vladimir"]
[Result "1-0"]
[WhiteElo "2766"]
[BlackElo "2777"]
[EventDate "2003.10.27"]
[Annotator "Rogozenko"]

1. e4 {Cifuentes,R} 1. ... c5 2. Nf3 Nc6 3. d4 cxd4 4. Nxd4 Nf6 5. Nc3 e5 
6. Ndb5 d6 7. Bg5 a6 8. Na3 b5 9. Bxf6 gxf6 10. Nd5 f5 11. Bd3 Be6 12. c3 
Bg7 13. Qh5 O-O 14. O-O ( 14. exf5 {Cifuentes,R} 14. ... Bxd5 15. f6 h6! (
15. ... e4!? 16. fxg7 Re8 17. Be2 Re5 18. Qh6 b4! ( 18. ... Qg5 19. Qxg5 
Rxg5 20. Nc2 Be6 21. Ne3 Kxg7 22. a4 b4 =, quiet ) 19. Nc2 ( 19. Nc4 Bxc4 
20. Bxc4 bxc3 21. bxc3 Rc5 ( 21. ... d5 22. Qxc6 Rc8 23. Qxa6 Rxc4 =/& ) 
22. Bb3 Na5 23. O-O Nxb3 24. axb3 Rxc3 =, quiet ) 19. ... bxc3 20. bxc3 
Be6 âŒ“ ( 20. ... Qg5?! {Según Glavina este orden es impreciso.} 21. Qxg5 
Rxg5 22. O-O ( 22. O-O-O!? {intentando aprovechar el orden de jugadas de 
Van Wely.} 22. ... Bxa2 23. Rxd6 Rc5 24. Kd2 += ) 22. ... Be6 23. Rfd1 Rc5
24. Rxd6 Rxc3 25. Ne3 Nb4! 26. a4 Nc2 27. Nxc2 {1/2-1/2 Anand,V-Van 
Wely,L/Wijk aan Zee NED 2003 (27)} ) 21. Ne3 Qg5 22. Qxg5 Rxg5 23. Kd2 Rb8
24. Rhb1 Rxb1 25. Rxb1 Ra5 26. Rb6 Rxa2+ 27. Ke1 Ra1+ =, quiet ) 16. fxg7 
( 16. Qf5 e4 17. fxg7 Re8 18. Bc2 Re5 19. Qf4 Qg5 =, quiet ) 16. ... Kxg7 
17. Nc2 ( 17. Qf5 Qg5! ) 17. ... Be6 18. Ne3 d5 19. h4 Qf6 20. Bf5 Bxf5 
21. Nxf5+ Kh7 22. Rd1 Rad8 23. Rh3 Qg6 24. Qxg6+ fxg6 25. Ne3 d4 26. Nc2 
Rf4 =+ {1/2-1/2 Anand,V-Ivanchuk,V/Linares ESP 2002 (49)} ) ( 14. Nc2? {
Cifuentes,R} 14. ... fxe4 15. Bxe4 f5 16. Nf6+ Rxf6 17. Bxc6 Rc8 18. Bb7 
Rb8 19. Bxa6 Rb6 20. Nb4 Qa8 21. a4 Bf7! 22. Qf3 Rxa6 -/+ {
Akvist-Joksik/Reggio Emilia 1976-77} ) 14. ... f4 {Thanks to Anand's 
efforts, this position became fashionable lately and I suspect it will be 
even more popular in the near future, since it appears to be like a 
promising attempt for White to fight for advantage in Sveshnikov Sicilian,
especially because other tries have failed so far. Actually I believe that
due to the relatively new type of positions, the present game probably 
opens a new and wide field for further developments in the theory of 
Sveshnikov Sicilian.} 15. Rfd1!? {Leaving the other rook on a1 in order to
support the advance a2-a4.

A fine prophylactic move. White takes under his control the key d5-square 
which should reduce the efficiency of f7-f5. It should be noted that the 
a1-rook stays on the Q-side so far hoping for a job on this area of the 
board } ( 15. Nc2 {allows the immediate ...f5. However, the arising 
positions need more practical tests for the final verdict, since most of 
the evaluations are based on old and rather poorly analized games.} 
15. ... f5 {The positional threat now is 16...Bxd5 17.exd5 Ne7, so White 
should probably bring the second knight to b4, when many interesting 
variations need to be checked more carefully. For instance:} 16. Ncb4 Nxb4
17. Nxb4 a5 18. exf5 ( 18. Nc2 Qd7 ~ ) 18. ... Bf7 19. Qh3 Qd7 20. Nc2 ( 
20. Nc6 Qxc6 ( 20. ... Bc4? 21. Bxc4+ bxc4 22. Qf3 Ra6 ( 22. ... d5 23. 
Qxd5+ Qxd5 24. Ne7+ +- ) 23. Qd5+ Kh8 24. Nxa5 +/- {1-0 
Tolnai,T-Thallinger,G/Caorle 1989 (47)} ) 21. f6 e4 22. fxg7 Kxg7 {is good
for Black.} ) 20. ... d5 {is considered to be fine for Black because of 
the game Klovans-Timoscenko, 1974, which continued:} 21. Rad1 Ra6 22. Qg4 
( 22. a4 Rh6 23. Bxb5 ) 22. ... Rh6 23. Qe2 f3 24. gxf3 Qe7 25. f4 e4 26. 
Bxb5 Bh5 27. f3 Qc5+ 28. Ne3 exf3 29. Qd3 f2+ 30. Kxf2 Bxd1 31. Rxd1 Kh8 {
and in some sources this position is evaluated as winning for Black. In 
the game actually Black blundered and White won pretty soon. While I doubt
that the evaluation of the present position is so clear, White's earlier 
play can certainly be improved several times, the most noticeable 
possibilities are 22. a4 (instead of 22.Qg4) and 30.Rxf2 (instead of 
30.Kxf2). Anyway, it seems to me that after 15.Nc2 f5 Black should be 
doing fine one way or another, and that's why in the modern practice White
was trying exclusively to place a rook on d1 (instead of 15.Nc2) and 
prevent 15...f5.} ) ( 15. Rad1 {Anand used this move several times, 
connecting it with the next g2-g3. As mentioned before, White needs a rook
on d1 in order to prevent Black from playing f7-f5.} 15. ... Kh8 ~ {/=} ( 
15. ... f5 16. exf5 ( 16. Bc2!? ) 16. ... Bxd5 17. f6 Rxf6 18. Bxh7+ Kf8 
19. Rxd5 Ne7 20. Qf3 Nxd5 21. Qxd5 =/& ) 16. g3!? {has also been tested. 
As we see, this time White plays actively on the K-side and leaves the 
f1-rook in place } 16. ... Rg8 17. Kh1 Bf8 18. Be2 Rg5 { 1/2-1/2, Anand 
Viswanathan 2770 - Leko Peter 2739 , Wijk aan Zee 2001 It (cat.19)} 19. 
Qf3 f5 20. gxf4 fxe4 21. Qxe4 Bf5 22. Qe3 exf4 23. Nxf4 Ne5 24. Nd5 Ng4 
25. Bxg4 Rxg4 ) 15. ... Rb8 {Preparing develpoment by means of Â£d8-d7 
and, in prospect, counteracting the advance a2-a4 

Black has a lot of other options.} ( 15. ... Ne7 {'!?' Cifuentes,R.} 16. 
Nxe7+ ( 16. Nc2 Bxd5 17. exd5 f5 â‡„â‡„ ) 16. ... Qxe7 17. Nc2 Qd7 ( 
17. ... Kh8 {Cifuentes,R} 18. Nb4 Qd7 19. h3 a5 20. Nd5 Bxd5 21. exd5 f5 
22. a4 bxa4 23. Bc2 Rab8 24. Bxa4 Qc7 25. Qe2 e4 26. Bc6 Be5 27. Kh1 Rg8 
28. Rg1 Rxg2! 29. Rxg2 f3 30. Qf1 fxg2+ 31. Qxg2 Rg8 ( 31. ... Rxb2! ) 32.
 Qf1 Qf7 33. c4 Qh5 34. Ra3 f4 35. f3 ( 35. Bd7 f3 ) 35. ... Bd4 -+ {
Pitl,G-Wendt,J/Budapest 2003} ) ( 17. ... Qd7 18. Qe2 Kh8 19. a4?! bxa4 
20. Bxa6 f3! 21. gxf3 Bh6 22. Ne3 Rg8+ 23. Kh1 Bf4 24. Rg1 Qe7 25. Rxg8+ 
Rxg8 26. Rg1 Rxg1+ 27. Kxg1 Bh3 28. Ng2 Qg5 29. Qf1 Bc1 -/+ ) 18. h3 ( 18.
 Qe2 {Cifuentes,R} 18. ... Kh8 19. a4?! bxa4 20. Bxa6 f3! 21. gxf3 Bh6 22.
 Ne3 Rg8+ 23. Kh1 Bf4 24. Rg1 Qe7 25. Rxg8+ Rxg8 26. Rg1 Rxg1+ 27. Kxg1 
Bh3 28. Ng2 Qg5 29. Qf1 Bc1 -/+ ) 18. ... Kh8 ~ ) ( {After a 
straightforward} 15. ... f5?! {the game is favorable for White} 16. exf5 (
16. Bc2!? ) 16. ... Bxd5 17. f6 Bh6 {An interesting idea, designed to keep
the light-squared bishop on the board. However, White can achieve an 
advantage thanks to the somewhat exposed king's position on g8.} ( 17. ...
 Rxf6 18. Bxh7+ Kf8 19. Rxd5 Ne7 20. Be4! =/& Rh6 21. Qf3 Nxd5 22. Nc2 Qh4
23. h3 Qh5 24. Qd3 Rf6 25. Nb4 { Podlesnik Bogdan 2400 - Drinovec Ales 
2167 , Sk.Loka 1998 Ch Slovenia (team)} ) 18. Qxh6 Ra7 19. Bxb5! ( 19. 
Bxh7+ Rxh7 20. Qg5+ Kh8 21. Rxd5 f3! â†‘ ) 19. ... Rxf6 ( 19. ... Bxg2 20.
 Rxd6 ( 20. Bc4+ +- ) 20. ... Qxd6 21. f7+ ) 20. Qh5 Bf7 21. Qg5+ Rg6 22. 
Qxd8+ Nxd8 23. Bd3 +/- ) ( 15. ... Kh8!? 16. Nc2 â–³ f5 ( 16. ... Rg8 17. 
a4 bxa4 18. Rxa4 a5 ~ ) 17. exf5 Bxd5 18. f6 Bh6! 19. Qxh6 Ra7 ~ 20. Bxb5 
Rxf6 21. Qh5 Bxg2! 22. Kxg2 axb5 â‡„â‡„ ) 16. Nc2 Qd7 17. h3! {Having 
prevented the lunge Â¥e6-g4, White is ready to hit the vulnerable places 
of the opponent's position with Â¤c2-b4 or a2-a4 

It's important to keep the queen on h5 in order to prevent Black from 
taking on d5. Later in the game it turned out that this move is also 
useful to avoid back rank problems.} ( 17. Qe2 Bxd5 18. exd5 Ne7 =, quiet 
19. Nb4 a5 20. Nc6 Nxc6 21. Qh5 h6 22. Bf5 Qc7 23. dxc6 {1/2-1/2, Timman 
Jan H 2625 - Parma Bruno 2540 , Bled/Portoroz 1979 It (cat.12)} ) ( 17. 
Qh4!? f5 18. Ncb4 Nxb4 19. Nxb4 Bf6 20. Qh5 a5 21. exf5 Bf7 22. Qh6 Bg7 
23. Qh4 axb4 24. f6 Bg6 25. fxg7 Qxg7 26. Bxg6 Qxg6 27. cxb4 Rb7 {1/2-1/2,
Vallejo Pons Francisco 2663 - Van Wely Loek 2617 , Monte Carlo 21. 3.2004 
It "Melody Amber")} ) 17. ... a5 { Impeding the maneuver Nc2-b4} ( 17. ...
 f5 {'!' Cifuentes,R. also doesn't fully solve the opening problems:} 18. 
Ncb4 Nxb4 19. Nxb4 a5 20. exf5! ( 20. Nc2?! {1-0 
Pfaffel,T-Steiner,P/Austria 1995 (40)} 20. ... d5! {Cifuentes,R} 21. exf5 
( 21. exd5 Qxd5 =+ ) 21. ... Bf7 22. Qg4 Qc6 =/& ) 20. ... Bf7 ( 20. ... 
Bxf5 {'?!' Cifuentes,R. runs into} 21. Nc6! {'!!' Cifuentes,R.} 21. ... 
Qxc6 {Cifuentes,R} ( 21. ... Rbe8 {Cifuentes,R} 22. Bxb5 += ) ( 21. ... 
Qxc6 22. Bxf5 h6 23. Qg6 Rf6 24. Qh7+ Kf8 25. Be4 Qe8 26. Bd5 +/- ) 22. 
Bxf5 h6 23. Qg6 Rf6 24. Qh7+ Kf8 25. Be4 Qe8 26. Bd5 +/- ) 21. Qh4 axb4 
22. f6 â†‘ {1/2-1/2 Hawley,M-Kolenbrander,J/EU-chT1 corr7281 (32)} 22. ...
 Bg6 {Cifuentes,R} 23. fxg7 ( 23. Bxg6? Bxf6! ) 23. ... Qxg7 24. Bxg6 Qxg6
25. cxb4 Kh8 26. Qg4 ( 26. Rd5 Rf5! ) 26. ... Qe4! 27. Qh4 â†‘ ) 18. Na3! 
N {Anand comes up with a move, which attacks the newly created weakness on
b5, but which in fact is designed in the end to target the weak pawn on 
d6. Starting with this moment White convincingly increases the positional 
advantage.

White knight unexpectedly changes its route and finds out new weaknesses 
on the opponent's Q-side } ( 18. Be2 f5 19. exf5 Rxf5 20. Qf3 Rg5 {was 
good for Black in Ratti,R-Cramling,D/Groningen 1978.} ) 18. ... b4 {A 
natural continuation, but maybe it was better to protect the pawn instead 
of allowing White to establish a knight on b5.} ( {Somewhat 
passive-looking is} 18. ... Na7!? {This retreat is quite typical for 
Sveshnikov Sicilian. The knight goes to the "ugly" square a7, but on the 
other hand White's last move was also Nc2-a3, so both knights "compensate"
each other. Now Black threatens 19...Bxd5 20.exd5 f5.} 19. Bc2 += ( 19. c4
!? ) 19. ... Rfc8 20. Bb3 Rc5 21. Rd2 += {Ganguly Surya Shekhar 2541 - 
Ramesh R B 2506 , Calicut 2003 Ch India)} ) 19. Nb5! {The knight will 
prove to be very strong on b5.} 19. ... bxc3 20. bxc3 += {White has a 
stable advantage and earlier improvements must be found for Black.} 
20. ... Ne7 ( 20. ... Rb7 21. a4 Ne7 22. Bc4 += ) 21. Ndc7! {Unexpected 
way to catch Black's bishop on e6.} 21. ... Rbc8 22. Nxe6 fxe6 23. a4 +/- 
{Here Black needs to do something out of ordinary, otherwise he will 
slowly die without getting any counterplay. In the game Kramnik's 
defensive plan failed to succeed.

White plan is absolutely clear now - to attack the d6-square along the 
d-file with the support of the powerful b5-knight. It would be rather 
difficult for Black, in his turn, to obtain counterplay } 23. ... Kh8 24. 
Bc2 Rc6 25. Rd2 Nc8 26. Rad1 Qe7 27. Bb3 {All White's pieces are perfectly
placed. There is no doubt about the evaluation - White has a huge 
positional advantage. Probably Black should try ...f3 at some moment to 
complicate matters, although it is unclear how to follow up after the 
simple g3.} 27. ... Rf6 28. c4 {The start of decisive breakthrough.} 
28. ... Rh6 ( 28. ... Bf8 29. c5 Rxc5 30. Nxd6 Nxd6 31. Rxd6 Qxd6 32. Rxd6
Bxd6 33. Qe8+ Bf8 34. Bxe6 +- {is practically the same as the game.} ) 29.
 Qf3 Bf8 30. c5! {No wonder there is a tactical way for White to convert 
his advantage.

An effective breakthrough opens the play and allows the centralized white 
army to storm into the enemy camp } 30. ... Rxc5 ( 30. ... dxc5 31. Rd7 ( 
31. Rd8!? ) 31. ... Qg5 32. Rf7 Be7 33. Rd7 Kg8 ( 33. ... c4 34. Na7 Rd6 
35. Rfxe7 ( 35. Rc7!? ) 35. ... Nxe7 36. Rxd6 cxb3 37. Qxb3 Rg6 38. Qf3 
+/- ) 34. Na7 Kxf7 35. Nxc6 +- ) 31. Nxd6 Nxd6 32. Rxd6 Qxd6 33. Rxd6 Bxd6
34. Qd3 {Total lack of coordination between Black's pieces. White is 
winning.} 34. ... Rc6 {Exchanging his queen for a pair of rooks does not 
make Black's life any sweeter, as his pieces are disconnected } 35. Qb5 
Rc1+ 36. Kh2 Rf6 37. Qe8+ Bf8 38. Bxe6 f3 {This obviously cannot change 
anything now. Black has no pieces for attack, so white king finds a path 
to enter into Black's camp without any real danger for White.} ( 38. ... 
Rc2 39. Qd8 Kg7 40. Qd7+ Kh8 41. Bf5 Bg7 42. Qe8+ Rf8 43. Qh5 h6 44. Qg6 
Kg8 45. Qh7+ Kf7 46. Bg6+ Kf6 47. Bh5 +- ) 39. g4 Rf1 40. Kg3 Rg1+ 41. Kh4
Kg7 ( 41. ... Rh6+ 42. Kg5 Rg6+ 43. Kf5 +- ) 42. g5 Rf4+ 43. Kh5 Rg2 44. 
Bf5 Rxf5 45. exf5 Rxf2 46. Qxe5+ 1-0

[Event "Chelyabinsk Variation - 10.4"]
[Site "Sochi RUS"]
[Date "2005.04.22"]
[Round "10.4"]
[White "Inarkiev, Ernesto"]
[Black "Filippov, Valerij"]
[Result "1/2-1/2"]
[WhiteElo "2612"]
[BlackElo "2621"]
[EventDate "2005.04.19"]

1. e4 c5 2. Nf3 Nc6 3. d4 cxd4 4. Nxd4 Nf6 5. Nc3 e5 6. Ndb5 d6 7. Bg5 a6 
8. Na3 b5 9. Bxf6 gxf6 10. Nd5 f5 11. Bd3 Be6 12. c3 Bg7 13. Qh5 O-O 14. 
O-O f4 15. Rfd1 Kh8!? { This modest retreat of the king is a way to 
prepare for a conceptual advance f7-f5 in a quickest possible way } ( {
After the immediate} 15. ... f5 16. exf5 Bxd5 17. f6 Bh6 18. Qxh6 Ra7 19. 
Bxh7+ Rxh7 20. Qg6+ Kh8 21. Rxd5 +/- ) ( 15. ... Rb8 16. Nc2 Qd7 17. h3 {
A.Shirov successfully employed a sharp pawn sacrifice} 17. ... f5 18. Ncb4
Nxb4 19. Nxb4 a5 20. exf5 Bxf5 21. Nc6! Rbe8 22. Bxb5 Qc7 23. Nxa5 ( 23. 
Qf3! Kh8 24. Qd5 Re6 25. Be2 ( 25. Bd3?! e4 26. Bc2 f3 27. g3 ( 27. Nd4?! 
Re5 28. Qc6 Qf7 -/+ ) 27. ... Rh6 28. h4 Bg6 29. Nd4 e3 30. Bxg6 Rxg6 31. 
Rd3 Qc5 32. Qxc5 dxc5 33. Nc2 -/+ e2 34. Kh2 -/+ ) 25. ... Rg6 26. Bh5 Rh6
27. Bf3 e4 28. Nd4! += {seems to be the most unpleasant one for Black, 
Ganguly Surya Shekhar 2541 - Harika Dronavalli 2329 , Mumbai 2004 Ch 
Commonwealth} ) ) 16. Nc2 f5 17. exf5 Bxd5 18. f6 Bh6! 19. Qxh6 Ra7! {This
defensive resource becomes possible due to inclusion of the move Â¢g8-h8. 
Black manages to bring into play his queen rook and to retain the 
important light-squared bishop } 20. f7 Rfxf7 21. Ne1 Rf6 22. Qh5 Rg7 23. 
Be2 {White seeks to bring into play his e1-knight, sending it to g2} 
23. ... Bf7 24. Qh4 e4 25. Bh5 Bg8 26. g3 Qf8 27. Ng2 Ne5 28. Rd2 Nc4 29. 
Rd4 d5 30. b3 Nd6 31. Bg4 Rgg6 32. Rad1 Qg7 33. Bh3 Rh6 34. Qg4 Rxh3 ( 
34. ... Rfg6 35. Qd7 ) 35. Qxh3 Be6?! {This allows White to come through 
unscathed } ( {To black advantage leads } 35. ... Rh6 36. Nh4 Be6 37. Qg2 
f3 38. Nxf3 Bh3 39. Qh1 Bg4 40. Ne1 Bxd1 41. Rxd1 Qxc3 -/+ { followed by 
d5-d4} ) 36. Qh4 Nf5 37. Qh5 Bf7 38. Qh3 Nxd4 39. Qc8+ Qg8 40. Qxg8+ Kxg8 
41. cxd4 f3 42. Ne3 Rc6 43. Kf1 b4 44. Ke1 Rc3 45. Rd2 Rc1+ 46. Rd1 Rc3 
47. Rd2 Rc1+ 1/2-1/2

[Event "Chelyabinsk Variation 11.1"]
[Site "Tbilisi GEO"]
[Date "1978.12.??"]
[Round "11.1"]
[White "Tukmakov, Vladimir B"]
[Black "Sveshnikov, Evgeny"]
[Result "1/2-1/2"]
[WhiteElo "2570"]
[BlackElo "2565"]
[EventDate "1978.12.01"]

1. e4 c5 2. Nf3 Nc6 3. Nc3 e6 4. d4 cxd4 5. Nxd4 Nf6 6. Ndb5 d6 7. Bf4 e5 
8. Bg5 a6 9. Na3 b5 10. Bxf6 gxf6 11. Nd5 f5 12. Bd3 Be6 13. Qh5 Bg7 14. 
O-O f4 15. c4 bxc4! 16. Bxc4! O-O 17. Rac1 Rb8 18. b3 Qd7 { Refusing to be
distracted with the a2-pawn (18...Qd8-a5?!), Black consolidates his 
position } 19. h3 Kh8 {King retreat is necessary for f7-f5 advance } ( 
19. ... f5? 20. exf5 Rxf5 21. Qxf5 Bxf5 22. Nf6+ +- ) 20. Rfd1 Nd4 ( {In 
case of the immediate} 20. ... f5 { Black has to reckon with the loss of a
pawn } 21. Nxf4 exf4 ( 21. ... Bxc4 22. Ng6+ Kg8 23. Nxf8 +- ) 22. Bxe6 
Qxe6 23. Rxc6 fxe4 24. Nc4 +/- ) 21. Nc2 { "Stubbing up" the black knight 
from d4 } 21. ... Nxc2 22. Rxc2 f5 {At last this conceptual continuation 
has become possible } 23. exf5 ( {Play for keeping the e4-square under 
control looks more preferable} 23. f3 fxe4 24. fxe4 Bf7 { in this case 
Black also has adequate conterplay due to powerful f4-pawn, half-open 
g-file and the vulnerability of the e4-pawn} ) 23. ... Bxf5 24. Rcd2 Qa7! 
25. Kh1 Rbe8 { Now black position looks more attractive due to the 
prospects of advancing the pawns e5 and f4 } 26. f3 e4 27. Nxf4 Be5 28. 
Nd5 exf3 29. gxf3 ( 29. Qxf3 Bc2 -/+ ) 29. ... Bg6 30. Qg4 Qf7 31. Rf2 Bh5
{Black bishops have broken free, but White manages to retain balance with 
his precise defence } 32. Nf6! Bxg4 33. Bxf7 Rxf7 34. Nxe8 ( 34. Nxg4 Bg3 
=+ ) 34. ... Rxf3 35. Rdd2 Rxh3+ 36. Kg2 Rg3+ 37. Kf1 Bh3+ 38. Ke1 Rg8 39.
 Nxd6 Bg3 ( {As E.Sveshnikov points out, black still has a small advantage
after } 39. ... Rg1+ 40. Ke2 Bg4+ 41. Ke3 Re1+ 42. Rfe2 Rxe2+ 43. Rxe2 
Bxd6 44. Rc2! =+ ) 40. Kd1 Bxf2 41. Rxf2 Bg4+ 42. Ke1 h5 43. Ne4 Rd8 44. 
Kf1 Kg7 45. Kg2 Rd3 46. Nc5 Rd6 47. Kg3 Bc8 48. Rf4 Rd5 49. b4 1/2-1/2

[Event "Chelyabinsk Variation 11.2"]
[Site "Moscow RUS"]
[Date "1987.??.??"]
[Round "11.2"]
[White "Sveshnikov, Evgeny"]
[Black "Vyzmanavin, Alexey"]
[Result "1-0"]
[WhiteElo "2535"]
[BlackElo "2485"]
[EventDate "1987.06.??"]

1. e4 c5 2. Nf3 Nc6 3. d4 cxd4 4. Nxd4 Nf6 5. Nc3 e5 6. Ndb5 d6 7. Bg5 a6 
8. Na3 b5 9. Bxf6 gxf6 10. Nd5 f5 11. Bd3 Be6 12. Qh5 Bg7 13. O-O f4 14. 
c4 bxc4 15. Bxc4 O-O 16. Rac1 Rb8 17. b3 Qd7 18. Rfd1!? {A considerable 
improvement for White. Utilizing the tactical pecularities of the 
position, White has no intention to lose his time for the move h2-h3} 
18. ... Kh8 ( 18. ... Bg4? 19. Qg5 +/- ) 19. Qh4 {Creating the opportunity
for the Nd5-f6 lunge, that is unpleasant enough for Black } 19. ... Bxd5 (
{Black fails to obtain adequate counterplay after} 19. ... Rg8 20. Kh1! 
Nd4 21. Nc2 Bxd5 22. Bxd5 Ne2 23. Ra1 Nc3 24. Rd3 Nxd5 25. Rxd5 f5 26. f3 
Qc6 27. Na3 fxe4 28. fxe4 f3?! ( 28. ... Rbe8 29. Nc4 Re6 ) 29. gxf3 +/- 
Qc3 30. Rf1 Rbf8 31. Qf2 Rf6 32. Qe2 Rgf8 33. Rd3 Qc5 34. Nc4 Bh6? +- 35. 
Rfd1 Bf4 36. Rxd6 Qc8 37. Rxf6 Rxf6 38. Nd6 Qf8 39. Nf5 Rg6 40. Qd3 Rg8 
41. Qxa6 Qf7 42. Rg1 Rd8 43. Qb6 Rc8 44. a4 Bxh2 45. Rg7 Qh5 46. Rg8+ {1-0
Dvoirys, Semen I (2455) - Vaisser, Anatoly (2471) / Chigorin Memorial 15th
(?), Sochi RUS 1981} ) 20. Bxd5 ( 20. Rxd5 {Black obtains counterplay by 
means of 20...Ne7! followed by f7-f5)} 20. ... Ne7 21. Rd2 f5 22. Qh3 Rf6 
23. exf5 d5 24. Rcd1 Rd6 25. Bxd5 Rxd5 26. f6 Qxh3 27. gxh3 Bxf6 28. Rxd5 
Rg8+ 29. Kf1 Nxd5 30. Rxd5 f3 31. Nc2 Rc8 32. Ne1 Rc1 33. Rd6 Be7 34. Rd5 
Bb4 35. Rxe5 = ) 20. ... Nd4 21. Rc4! {Preparing the maneuver Na3-c2 } ( 
21. Nc2? Ne2+ -/+ ) ( 21. Kf1 f3! ) 21. ... f5 ( {Pawn sacrifice 21...f3 
does not give Black any real counterplay} 21. ... f3 22. Nc2 Ne2+ 23. Kf1 
Nf4 24. gxf3 +/- {Ne3 +/-} ) 22. Nc2 fxe4 ( 22. ... Nxc2 23. Rxc2 fxe4 24.
 Bxe4 Bf6 25. Qh5 +/- ) 23. Nxd4 exd4 24. Bxe4 +/- {Having exchanged the 
opponent's active pieces, White has an advantage in the middle game with 
bishops of opposite color due to his superior pawn structure and also to 
the difference in the degree of bishops' activity } 24. ... Be5 ( 24. ... 
Bf6 25. Qxf4 d5 26. Bf5 +- ) ( 24. ... h6 25. Rcxd4 Bxd4 26. Qxh6+ Kg8 27.
 Bd5+ +- ) 25. Qh5 Qf7 26. Qxf7 Rxf7 27. Rdc1 Re7 28. Kf1 a5 29. Rc8+ Rxc8
30. Rxc8+ Kg7 31. Ke2 f3+ 32. Kxf3 Rf7+ 33. Ke2 Bxh2 34. Ra8 Bg1 35. f3 
Rc7 ( {Rook exchange cannot help Black as well} 35. ... d3+ 36. Kxd3 Ra7 
37. Rxa7+ Bxa7 38. Kc4 Bc5 39. Kb5 Bb4 40. a3 Bd2 41. b4 axb4 42. a4 ) 36.
 Rxa5 Be3 37. Rd5 Rc1 38. Rxd6 Ra1 39. a4 Ra2+ 40. Kd3 Rxg2 41. a5 1-0